000 00698cam a22002531 4500
001 sa 65003029
003 DLC
005 20260227112120.0
008 890531s1963 ii a b 000 0 gujo
010 _asa 65003029
035 _a(OCoLC)19792011
040 _aDLC
_cWaU
_dDLC
042 _apremarc
043 _aa-ii---
050 0 0 _aPK1850
_b.G3
100 1 _aGāndhī, Lālacandra Bhagavāndāsa.
245 1 0 _aAitihāsika lekha-saṅgraha.
260 _c[1963]
300 _a27, 676 p.
_billus.
_c19 cm.
440 0 _aŚrī Sayājī sāhityamāḷā ;
_v335
500 _aIn Gujarati.
504 _aBibliographical footnotes.
650 0 _aGujarati literature
_xHistory and criticism.
999 _c62930
_d62930